Geography Quiz

Random Geography or City Quiz
Score 0/16 Timer 04:00
0 Plays Today
% Correct
Pärnu
88.5%
Tallinn
81.2%
Marijampolė
80.9%
Riga
77.6%
Klaipėda
67.6%
Jūrmala
65.6%
Vilnius
62.6%
Tartu
61.8%
% Correct
Kaunas
60.6%
Narva
60.6%
Daugavpils
58.2%
Jelgava
57.6%
Panevėžys
57.4%
Liepāja
54.1%
Šiauliai
51.8%
Alytus
44.1%
Remove Ads.
Support Sporcle.
Get the best of Sporcle when you Go Orange. This ad-free experience offers more features, more stats, and more fun while also helping to support Sporcle. Thank you for becoming a member.

You're not logged in!

Compare scores with friends on all Sporcle quizzes.
OR
Log In

Sporcle TV

Today on Sporcle TV


Watch our educational content, quiz creation guides, and fun videos on Sporcle TV.

Show Comments

Extras

Top Quizzes Today


Score Distribution

Paid Content

Your Account Isn't Verified!

In order to create a playlist on Sporcle, you need to verify the email address you used during registration. Go to your Sporcle Settings to finish the process.

Report this User

Report this user for behavior that violates our Community Guidelines.

Details: